<?xml version="1.0" encoding="UTF-8"?><?xml-stylesheet type="text/xsl" href="static/style.xsl"?><OAI-PMH xmlns="http://www.openarchives.org/OAI/2.0/" xmlns:xsi="http://www.w3.org/2001/XMLSchema-instance" xsi:schemaLocation="http://www.openarchives.org/OAI/2.0/ http://www.openarchives.org/OAI/2.0/OAI-PMH.xsd"><responseDate>2026-04-18T17:03:32Z</responseDate><request verb="GetRecord" identifier="oai:recam.amb.cat:20.500.14439/1403" metadataPrefix="marc">https://recam.amb.cat/rest/oai/request</request><GetRecord><record><header><identifier>oai:recam.amb.cat:20.500.14439/1403</identifier><datestamp>2025-02-20T13:46:43Z</datestamp><setSpec>com_20.500.14439_128</setSpec><setSpec>col_20.500.14439_1151</setSpec></header><metadata><record xmlns="http://www.loc.gov/MARC21/slim" xmlns:dcterms="http://purl.org/dc/terms/" xmlns:xsi="http://www.w3.org/2001/XMLSchema-instance" xmlns:doc="http://www.lyncode.com/xoai" xsi:schemaLocation="http://www.loc.gov/MARC21/slim http://www.loc.gov/standards/marcxml/schema/MARC21slim.xsd">
   <leader>00925njm 22002777a 4500</leader>
   <datafield ind2=" " ind1=" " tag="042">
      <subfield code="a">dc</subfield>
   </datafield>
   <datafield ind2=" " ind1=" " tag="720">
      <subfield code="a">Àrea Metropolitana de Barcelona</subfield>
      <subfield code="e">author</subfield>
   </datafield>
   <datafield ind2=" " ind1=" " tag="260">
      <subfield code="c">2017-02-01</subfield>
   </datafield>
   <datafield ind2=" " ind1=" " tag="520">
      <subfield code="a">En aquest dossier es mostren els resultats obtinguts de l'explotació de les dades del mapa d'usos del sòl de l'any 2011, mitjançant un seguit de documents cartogràfics i estadístics. En primer lloc es presenten els mapes generals de la regió metropolitana de Barcelona (RMB) i de l'àrea metropolitana de Barcelona (AMB), així com una fitxa amb les dades estadístiques més rellevants d'aquests dos àmbits. Seguidament, s'inclouen 36 fitxes, una per a cadascun dels municipis que formen part de l'AMB, i 7 fitxes addicionals per les principals ciutats de la segona corona metropolitana. Per últim, s'ha elaborat un annex estadístic amb diverses taules que inclouen les dades dels usos dels 164 municipis de la RMB. </subfield>
   </datafield>
   <datafield ind1="8" ind2=" " tag="024">
      <subfield code="a">https://hdl.handle.net/20.500.14439/1403</subfield>
   </datafield>
   <datafield ind1="8" ind2=" " tag="024">
      <subfield code="a">434354</subfield>
   </datafield>
   <datafield tag="653" ind2=" " ind1=" ">
      <subfield code="a">Sòls </subfield>
   </datafield>
   <datafield ind2="0" ind1="0" tag="245">
      <subfield code="a">Els usos del sòl a l'àrea i regió metropolitana de Barcelona, 2011</subfield>
   </datafield>
</record></metadata></record></GetRecord></OAI-PMH>